logo

Bir Sreshtho Munshi Abdur Rouf Library
Jhenaidah Cadet College

The criminal procedure code / (Record no. 14041)

MARC details
000 -LEADER
fixed length control field 00895cam a2200253 i 4500
001 - CONTROL NUMBER
JCCL Control Number 14041
003 - CONTROL NUMBER IDENTIFIER
JCCL marc code BD-JhCC
005 - DATE AND TIME OF LATEST TRANSACTION
control field 20240525133822.0
008 - FIXED-LENGTH DATA ELEMENTS--GENERAL INFORMATION
fixed length control field 751111s1974 cau s00010 eng
035 ## - SYSTEM CONTROL NUMBER
system control number (BD-JhCC)14041
035 ## - SYSTEM CONTROL NUMBER
system control number 1087956
040 ## - CATALOGING SOURCE
Original cataloging agency ANL
Modifying agency ANL
041 ## - LANGUAGE CODE
Language code of Book eng
050 00 - LIBRARY OF CONGRESS CALL NUMBER
Classification number KFC1155
Item number .A25 1974
082 0# - DEWEY DECIMAL CLASSIFICATION NUMBER
Classification number 345.79405
Author mark and Year AHM 1965
110 1# - MAIN ENTRY--CORPORATE NAME
Corporate name or jurisdiction name as entry element California.
Subordinate unit Legislature.
-- Penal Code Revision Project.
245 14 - TITLE STATEMENT
Title The criminal procedure code /
Statement of responsibility, etc Penal Code Revision Project.
260 ## - PUBLICATION, DISTRIBUTION, ETC. (IMPRINT)
Place of publication, distribution, etc Los Angeles :
Name of publisher, distributor, etc Joint Legislative Committee for Revision of the Penal Code,
Date of publication, distribution, etc 1965
300 ## - PHYSICAL DESCRIPTION
Pagination xlvii, 474 p. ;
Dimensions 24 cm.
500 ## - GENERAL NOTE
General note At head of title: State of California, Joint Legislative Committee for Revision of the Penal Code.
650 #0 - SUBJECT ADDED ENTRY--TOPICAL TERM
Topical term or geographic name as entry element Criminal procedure
Geographic subdivision California.
710 1# - ADDED ENTRY--CORPORATE NAME
Corporate name or jurisdiction name as entry element California.
Subordinate unit Legislature.
-- Penal Code Revision Project.
942 ## - ADDED ENTRY ELEMENTS (KOHA)
Source of classification or shelving scheme Dewey Decimal Classification
Koha item type Books
Holdings
Source of classification or shelving scheme Damaged status Not for loan Home library Current library Shelving location Date of accession Total Checkouts Full call number Barcode Date last seen Copy number Method of acquisition Koha item type Currency
Dewey Decimal Classification     JCC Rouf Library JCC Rouf Library General Stacks     345.79405 AHM 1965 11053 05/25/2024 C-1 Purchase Books BDT

JCC Library | Contacts | JCC Home

Last Update on 23 September 2017
Copyright @ 2017-2020 JCC Rouf Library
Rouf Library, Jhenidah Cadet College (JCC), Bangladesh